| 000 | 01032nmm a2200313 a 4500 | ||
|---|---|---|---|
| 001 | ocm0002347955 | ||
| 003 | TR-IsHL | ||
| 005 | 20201028185208.0 | ||
| 008 | 190904s2018 tu tur | ||
| 007 | cr cn | ||
| 020 | _a9786052022658 | ||
| 035 |
_a2347955 _b(N$T) |
||
| 050 | 0 | 4 |
_aPT2653.W42 _bA4619 2018 |
| 090 | 0 | 4 |
_aPT2653.W42 _bA4619 2018 |
| 100 | 1 | _aZweig, Stefan | |
| 245 | 1 | 0 |
_aAmok koşucusu _h[electronic resource] / _cStefan Zweig ; çeviri Mehtap Kazar ; editör Zeynep Akıncı |
| 250 | _a1. Baskı | ||
| 260 |
_aİstanbul : _bİlgi Kültür Sanat Yayıncılık , _c2018 |
||
| 300 | _a80 p. | ||
| 500 | _aözgün adı: Der Amokläufer. | ||
| 650 | 4 | _aDil ve Edebiyat | |
| 650 | 4 | _aLanguage and Literature | |
| 650 | 0 | _aAlman romanı | |
| 650 | 0 | _aGerman fiction | |
| 650 | 7 |
_aLITERARY COLLECTIONS / European / German _2bisacsh |
|
| 700 | 1 | _aKazar, Mehtap | |
| 700 | 1 | _aAkıncı, Zeynep | |
| 856 | 4 | 0 | _uhttp://search.ebscohost.com/login.aspx?direct=true&scope=site&db=e011xww&AN=2347955 |
| 999 |
_c21353 _d21353 |
||